01028nam a22001337a 4500003000900000005001700009008004100026040001300067100003400080245013400114260006700248300001800315520056100333IT-RoPau20220918181220.0140523b xxu||||| |||| 00| 0 eng d cIT-RoPau aPDDM 6° Capitolo Generale  a6° Capitolo Generale 1999 Pie Discepole del Divin Maestrob"Eucarestia Sacerdozio Liturgia" quale annuncio per il 3° millennio? aRomabCasa Generalizia PDDM Commissione Antepreparatoriac1999 a19 pp.c22 cm aIndice Presentazione Scheda 1 - Chiamate e mandate dal Risorto. Interpellate dalle sfide del mondo che cambia. Noi "discepole" Scheda 2 - Come "discepole ci proponiamo di: - Ri-comprendere la nostra missione e la nostra missione nella sua "unità". - Rimotivare e rinnovare la vita. Scheda 3 - Come discepole ci proponiamo di: - Discernere criteri per le nostre presenze, per meglio "comunicare" a tutti e con tutti. Gesù Maestro vivente nell'Eucarestia-Sacerdozio-Liturgia. "attente alle culture dei popoli tra i quali viviamo e operiamo (Cost. 94)